000 00792nam a2200205 a 4500
003 0
005 20250404141536.0
008 071126s19uu xx 00 eng d
050 _aPHS BF 723.C57
_b.S23 2007
100 _aSabili, Mey Bernadette P.
245 _aCoping mechanisms of Filipino teenagers from different income groups on parental absence /
_cMey Bernadette P. Sabili.
260 _aLas PiƱas City, Philippines :
_bSouthville International School and Colleges,
_c2007.
300 _a31 pages ;
_c28 cm.
504 _aIncludes bibliographical references.
650 _aCoping (Psychology).
650 _aParental deprivation
_xPsychological aspects.
650 _aIncome distribution
_zPhilippines.
650 _aAdolescents
_xEffect of parental absence on.
942 _2lcc
_cPASS
999 _c97880
_d97880